01325nam a2200205 a 4500001001000000005001700010008004100027041000800068044000700076084002000083100002700103245015600130260004100286300003900327500003900366500052500405500010700930505002101037650006101058BRCA_889020190320210440.0150617s1777----it-#######---#000-0#lat-# alat ait aCO47b.F47 17771 aFerraris, Luciusd176310aAdm. Rev. P. F. Lucii Ferraris prompta biblioteca canonica, jurídica, moralis, theologica nec non ascética, polémica, rubricistica, histórica. aVenetiisbApud Gasparem Stortic1777 aVIII, 772 p. (t.6)c24.2 x 19.2 cm aSuperiorum permissu, ac Privilegio aEn portada: De Principalioribus, et fere Omnibus, que in dies occurrunt nec penes omnes facilem, ac prompte reperiri possunt, ex utroque jure, pontificiis constitutionibus, conciliis, sacrarum congregationum decretis, sacrae romanae rotae decisionibus, ac probatissimis et selectissimis auctoribus. Accurt collecta, adaucta, in unum redacta, & ordine alphabetico congesta, ac in octo tomos distributa. Editio novissima caeteris ómnibus castigatior, et locupletior, adjecto nunc primum Indice Meteriarum absolutissimo aEstado físico: presentan encuadernación en pergamino con cintas rotas y algunas hojas desprendidas0 aTomus sextus P-R14aIglesia católicavdiccionarioyObras anteriores a 1800